[Event "Barreras Memorial"]
[Site "Las Tunas"]
[Date "2010.04.05"]
[Round "7"]
[White "Rodriguez, Dagoberto"]
[Black "Miranda Reyes, Alberto"]
[Result "1/2-1/2"]
[WhiteElo "2218"]
[BlackElo "2221"]
[PlyCount "52"]
[EventDate "2010.04.01"]
[EventType "tourn"]
[EventRounds "9"]
[EventCountry "CUB"]
[EventCategory "1"]
[SourceTitle "EXT 2012"]
[Source "ChessBase"]
[SourceDate "2011.11.24"]
[SourceVersion "1"]
[SourceVersionDate "2011.11.24"]
[SourceQuality "1"]

1. d4 Nf6 2. c4 e6 3. Nc3 d5 4. Bg5 Be7 5. Nf3 0-0 6. e3 h6 7. Bh4 b6 8. Qc2 Bb7 9. cxd5 exd5 10. Bd3 c5 11. Rd1 Nc6 12. Bf5 Nb4 13. Qb1 Ne4 14. Bg3 Bf6 15. Nxe4 dxe4 16. Bxe4 Bxe4 17. Qxe4 Re8 18. Be5 Bxe5 19. dxe5 Qc7 20. a3 Nc6 21. Rd5 Ne7 22. Rd6 Ng6 23. Rd5 Ne7 24. Rd2 Nc6 25. Rd5 Ne7 26. Rd6 Ng6 1/2-1/2

[Event "Barreras Memorial"]
[Site "Las Tunas"]
[Date "2010.04.02"]
[Round "3"]
[White "Rodriguez, Dagoberto"]
[Black "Pompa Hernandez, Honorio"]
[Result "1-0"]
[WhiteElo "2218"]
[BlackElo "2205"]
[PlyCount "125"]
[EventDate "2010.04.01"]
[EventType "tourn"]
[EventRounds "9"]
[EventCountry "CUB"]
[EventCategory "1"]
[SourceTitle "EXT 2012"]
[Source "ChessBase"]
[SourceDate "2011.11.24"]
[SourceVersion "1"]
[SourceVersionDate "2011.11.24"]
[SourceQuality "1"]

1. d4 d5 2. c4 e6 3. Nc3 Nf6 4. Bg5 Be7 5. Nf3 Nbd7 6. e3 b6 7. cxd5 exd5 8. Bb5 0-0 9. Ne5 Bb7 10. Bc6 Bxc6 11. Nxc6 Qe8 12. Nxe7+ Qxe7 13. Nxd5 Qd6 14. Nxf6+ Nxf6 15. 0-0 Ne4 16. Bf4 Qe7 17. Rc1 Rac8 18. Qg4 f5 19. Qe2 Kh8 20. Qb5 c5 21. dxc5 Nxc5 22. Rfd1 Rcd8 23. b4 Ne4 24. Rxd8 Qxd8 25. Qe2 Re8 26. Qb2 Nf6 27. Be5 Qe7 28. Bxf6 gxf6 29. g3 Rd8 30. Qc3 Kg7 31. a3 Rd7 32. h4 Qe4 33. Qc8 Qe7 34. Qc6 Kg6 35. Qc8 Kg7 36. Qb8 Rb7 37. Qa8 Rc7 38. Rxc7 Qxc7 39. b5 Qc1+ 40. Kg2 Qxa3 41. Qb7+ Kh6 42. Qf7 Qd6 43. Kh3 Qd8 44. f3 Qd6 45. f4 Qd8 46. h5 Qh8 47. Kh4 Qd8 48. Qe6 Kg7 49. Qxf5 Qe7 50. e4 Qd8 51. e5 fxe5+ 52. Qg5+ Qxg5+ 53. fxg5 Kf7 54. Kg4 Ke6 55. g6 hxg6 56. hxg6 Kf6 57. g7 Kxg7 58. Kf5 Kh6 59. Kxe5 Kg5 60. Kd5 Kg4 61. Kc6 Kxg3 62. Kb7 a5 63. bxa6 1-0